| 000 | 00815na a2200253 4500 | ||
|---|---|---|---|
| 001 | 18500 | ||
| 003 | MIRAKIL | ||
| 005 | 20181213155145.0 | ||
| 008 | 161121b tu 000 0 | ||
| 020 | _a9756486198 | ||
| 035 | _a18500 | ||
| 040 |
_aMilas _btur _cTR-AnCHP |
||
| 041 | _atur | ||
| 082 |
_a324.209561 _bK61s 2002 |
||
| 090 | _a324.209561 K61s 2002 | ||
| 100 | _aKoçak, Mustafa | ||
| 245 |
_aSiyasal partiler ve Türkiye'de parti yasakları _bAnayasa Mahkemesi ve İnsan Hakları Avrupa Mahkemesi örnek kararları _cMustafa Koçak |
||
| 246 | _aAnayasa Mahkemesi ve İnsan Hakları Avrupa Mahkemesi örnek kararları | ||
| 260 |
_aAnkara _bTurhan Kitabevi _c2002 |
||
| 300 |
_a285 s. _c20 sm. |
||
| 650 |
_aSiyasal partiler _zTürkiye |
||
| 650 |
_aParti yasaklama _zTürkiye |
||
| 942 |
_2dcc _cBKS |
||
| 999 |
_c7621 _d7621 |
||